000 00643pam a2200229 i 4500
001 1775541
005 20180103032444.0
008 770909s1978 nyu b 001 0beng
010 _a 77013319
020 _a0816493235 :
_c$12.95
040 _aDLC
_cDLC
_dDLC
041 _aeng
043 _an-us---
080 _a330.0924 DIG
082 0 0 _a330.0924 DIG
_aB
100 1 _a50
101 _aSOC
245 1 4 _aThe bard of savagery :
_cJohn P. Diggins.
504 _aIncludes bibliographical references and index.
906 _a7
_bcbc
_corignew
_d1
_eocip
_f19
_gy-gencatlg
942 _2ddc
_cBK
999 _c39587
_d39587